000 01420cam a22002414a 4500
999 _c583
_d583
008 061208s2005 enka bf i000 0 eng
020 _a9789280141771
082 0 0 _a628.1683309162 I339
110 _976
_aInternational Maritime Organization
245 0 0 _aManual on oil pollution.
_nSection IV,
_pCombating oil spills.
250 _a2nd ed.
260 _aLondon :
_bInternational Maritime Organization,
_c2005.
300 _avii, 229 p. :
_bill. (some col.) ;
_c24 cm.
500 _aFourth of a six part work, each part revised independently of the others.
504 _aIncludes bibliographical references (p. 201-205).
505 0 _aTypes of oil -- Fate of oil spills in the marine environment -- Effects of oil on marine and coastal resources -- Situation evaluation and response options -- Containment and recovery of oil -- Chemical dispersion -- In situ burning -- Shoreline response -- Bioremediation -- Management and disposal of oil and oily debris -- Spills of heavy fuel oils --Training, exercises, equipment maintenance, and storage -- Cleanup cost considerations.
650 0 _aOil spills
_xCleanup
_vHandbooks, manuals, etc.
650 0 _aOil pollution of the sea
_vHandbooks, manuals, etc.
650 0 _aOil pollution of rivers, harbors, etc.
_vHandbooks, manuals, etc.
710 2 _aInternational Maritime Organization.
856 4 1 _uhttp://www.loc.gov/catdir/toc/fy0704/2006531906.html
942 _cBK